Language Quiz

Random Language or Puzzle Quiz

Anagram Word Stairs Quiz Stats

 Plays Quiz Updated Nov 17, 2016

Also try: Word Pyramids II
Challenge
Share
Tweet
Embed
Score 0/27 Timer 04:00
1 Play Today
Hint Answer % Correct
Indefinite articleA
99.2%
I __ Sam, 2001 Sean Penn filmAm
98.6%
Fifth letter of the alphabetE
95.2%
First person pronounI
93.5%
San Franciscan landmark, Golden ____ BridgeGate
92.5%
Beverage, often drank iced or with milk and sugarTea
92.3%
French word for 'and'Et
91.3%
Women __ Love, novel written by D.H. LawrenceIn
90.8%
Chemical element with the symbol SnTin
89.7%
Most easterly US State of the lower 48Maine
87.9%
Singer of 'Simply the Best', ____ TurnerTina
87.6%
___ Culpa, Latin expression meaning 'my mistake'Mea
83.5%
Alias or titleName
82.2%
Member of the US armed servicesMarine
82.1%
Hint Answer % Correct
1982 Film, An Officer & A _______Gentleman
73.1%
Homeland of Eva 'Evita' PerĂ³nArgentina
66.9%
Prefix meaning withinIntra-
51.2%
Tissue that lines the inner surface of the eyeRetina
47.3%
Comparative form of mangyMangier
46.5%
Chemical element, named for a European countryGermanium
45.2%
To ensnarl or intertwineEntangle
44.8%
To nullify or render ineffectiveNegate
40.7%
A person authorised to act on another's behalfAgent
39.9%
Genus of flowering plants, also known as CranebillsGeranium
36.3%
Graceful or tastefulElegant
31.1%
Common type of igneous rockGranite
28.3%
Exposing to or treating with air or gasAerating
16.3%

You're not logged in!

Compare scores with friends on all Sporcle quizzes.
Join for Free
OR
Log In

You Might Also Like...

Show Comments

Extras

Top Quizzes Today


Score Distribution

Your Account Isn't Verified!

In order to create a playlist on Sporcle, you need to verify the email address you used during registration. Go to your Sporcle Settings to finish the process.

Report this User

Report this user for behavior that violates our Community Guidelines.

Details: